Dynamika sociálno-ekonomických procesov simulovanie dynamiky v sociálno-ekonomických systémoch

Bibliographic Details
Main Author: Prno, Ignác, 1934- (Author)
Format: Book
Language:Slovak
PhysicalDescription:306 s. grafy, sch. 24 cm 1 voľ. príl.-CD
Published: Bratislava Veda 2012
ISBN:9788022412506
Edition:1. vyd.
Subjects:

MARC

LEADER 00000cam a2200000 a 4500
001 vtls009797994
003 SK-MaSNL
005 20260301130302.0
008 240315s2012 xo d 000 0 slo
015 |a SNBA2013/05 
020 |a 9788022412506  |q (brož.) 
035 |a (SVKBBclas03)vtls000263721 
035 |a urn:nbn:sk:snk-amldft 
035 |a urn:nbn:sk:snk-am0090vf 
035 |a F3FEC037-0880-4492-A97F-54F08FA04191 
040 |a SNK  |b slo  |c SNK  |e AACR2 
041 0 |a slo 
044 |a xo  |c SK 
072 7 |a 005  |x Manažment. Riadenie  |2 konspekt 
080 |a 517.938  |2 2001 
080 |a 005  |2 2001 
080 |a (048.8)  |2 2001 
100 1 |a Prno, Ignác,  |d 1934-  |4 aut  |9 115785 
245 1 0 |a Dynamika sociálno-ekonomických procesov  |b simulovanie dynamiky v sociálno-ekonomických systémoch  |c Ignác Prno 
246 1 0 |a Simulovanie dynamiky v sociálno-ekonomických systémoch 
250 |a 1. vyd. 
260 |a Bratislava  |b Veda  |c 2012 
300 |a 306 s.  |b grafy, sch.  |c 24 cm  |e 1 voľ. príl.-CD 
504 |a Bibliografia: s. 304-306 
650 0 7 |a sociálno-ekonomické systémy  |2 SVKBBPH  |9 477568 
650 0 7 |a dynamické modely  |2 SNKPH  |9 87810 
650 0 7 |a manažment  |2 SNKPH  |9 922 
650 0 7 |a Dynamical systems  |2 SNKPHeng  |9 277410 
650 0 7 |a Management  |2 SNKPHeng  |9 265406 
655 7 |a monografie  |2 SNKPH  |9 70139 
655 7 |a Monographs  |2 SNKPHeng  |9 120675 
852 |a Štátna vedecká knižnica v Banskej Bystrici 
919 |a 978-80-224-1250-6 
958 |a NB 
999 |c 744939  |d 746869 
952 |a SNK  |b SNK  |y VYP  |7 0  |p 17A1066891  |o snkSC 154125 D1  |i snk2013/9215  |8 0  |0 0  |1 0  |4 0  |d 2013-04-22  |l 0  |r 2026-02-23 23:13:13  |w 2026-02-23 
952 |a SNK  |b SNK  |y PREZ  |7 0  |p 17A1066892  |o snkSC 154125/príl. D1  |i snk2013/9215  |8 0  |3 CD príloha  |z CD príloha  |0 0  |1 0  |4 0  |d 2013-04-22  |l 0  |r 2026-02-23 23:13:13  |w 2026-02-23 
952 |a SNK  |b SNK  |y PREZ  |7 0  |p 17A1066889  |o snkSC 154125  |i snk2013/9214  |8 0  |0 0  |1 0  |4 0  |d 2013-04-22  |f 1  |l 0  |r 2025-07-24 00:00:00  |w 2026-02-23 
952 |a SNK  |b SNK  |y PREZ  |7 0  |p 17A1066890  |o snkSC 154125/príl.  |i snk2013/9214  |8 0  |3 CD príloha  |z CD príloha  |0 0  |1 0  |4 0  |d 2013-04-22  |l 0  |r 2025-07-24 00:00:00  |w 2026-02-23 
952 |t snkPRN 330.342/pril.  |a SNKMST  |b SNKMST  |y PREZ  |7 0  |p 17A1121738  |o snkSC 154125/príl. D2  |i snk2014/23261  |8 3  |3 Príloha 1 CD  |z Príloha 1 CD  |0 0  |1 0  |4 0  |d 2014-10-27  |l 0  |r 2025-08-11 00:00:00  |w 2026-02-23 
952 |t snkPRN 330.342  |a SNKUST  |b SNKUST  |y PREZ  |7 0  |p 17A1121422  |o snkSC 154125 D2  |i snk2014/23261  |8 3  |g 11.05  |3 Dokument obsahuje 1 CD  |z Dokument obsahuje 1 CD  |0 0  |1 0  |4 0  |d 2014-10-27  |l 0  |r 2025-04-30 00:00:00  |w 2026-02-23